The man who changed the world : the lives of Mikhail S. Gorbachev /

Bibliographic Details
Main Author: Sheehy, Gail
Format: Book
Language:English
Published: New York, NY : HarperCollins, [1990]
Edition:1st ed.
Subjects:

MARC

Tag First Indicator Second Indicator Subfields
LEADER 00000cam a22000008a 4500
001 in00000972717
005 20150927111213.0
008 900227s1990 nyu b 00110beng
010 |a  90055173  
020 |a 0060165472 (cloth) :  |c $18.95 
035 |a (OCoLC)22732031 
035 |9 AEW0739AM 
040 |a DLC  |c DLC  |d UtOrBLW 
043 |a e-ur--- 
049 |a TXAM 
050 0 0 |a DK290.3.G67  |b S52 1991 
090 |a DK290.3.G67  |b S52 1990 
100 1 |a Sheehy, Gail. 
245 1 4 |a The man who changed the world :  |b the lives of Mikhail S. Gorbachev /  |c Gail Sheehy. 
250 |a 1st ed. 
264 1 |a New York, NY :  |b HarperCollins,  |c [1990] 
264 4 |c ©1990 
300 |a xiv, 401 pages, 16 unnumbered pages of plates :  |b illustrations  
336 |a text  |b txt  |2 rdacontent 
337 |a unmediated  |b n  |2 rdamedia 
338 |a volume  |b nc  |2 rdacarrier 
500 |a "Portions of this work originally appeared in Vanity fair"--Title page verso. 
504 |a Includes bibliographical references and index. 
600 1 0 |a Gorbachev, Mikhail Sergeevich,  |d 1931- 
650 0 |a Heads of state  |z Soviet Union  |v Biography. 
651 0 |a Soviet Union  |x Politics and government  |y 1985-1991. 
999 |a MARS 
999 f f |s 75e85648-ca4f-3205-86ed-15497ac3a3ce  |i f3ef64b6-b107-34d6-82b9-875190d3bfdd  |t 0 
952 f f |p ric  |a Texas A&M University  |b Rellis Campus  |c Joint Library Facility  |d Remote Storage  |t 0  |e DK290.3.G67 S52 1990  |h Library of Congress classification  |i unmediated -- volume  |m A14813494362 
998 f f |a DK290.3.G67 S52 1990  |t 0  |l Remote Storage